Judaism and the Economy <a> Sourcebook

Uložené v:
Podrobná bibliografia
Ďalší autori: Satlow, Michael L.
Médium: Kniha
Jazyk:English
Vydavateľské údaje: Abingdon Routledge 2019
Predmet:
Tagy: Pridať tag
Žiadne tagy, Buďte prvý, kto otaguje tento záznam!

MARC

LEADER 00000nam a2200000 4500
001 0269840
005 20240221111350.6
020 |a 9780815353232 
020 |a 978-0-8153-5323-2 
020 |a 978-0-815-35323-2 
020 |a 978-0-815-35321-8 
041 0 |a eng 
044 |a GB 
245 1 0 |a Judaism and the Economy  |b <a> Sourcebook  |c edited by: Michael L. Satlow 
264 1 |a Abingdon  |b Routledge  |c 2019 
300 |a 211 s. 
610 2 0 |a ekonómia 
610 2 0 |a náboženstvo 
610 2 0 |a myslenie ekonomické 
610 2 0 |a blahobyt 
610 2 0 |a chudoba 
610 2 0 |a nerovnosť 
610 2 0 |a charita 
610 2 0 |a úrok 
610 2 0 |a židovstvo 
700 1 |a Satlow, Michael L.